| 000 | 00891nam a22002537a 4500 | ||
|---|---|---|---|
| 999 |
_c4225 _d4225 |
||
| 003 | AR-CdUCM | ||
| 008 | 190308b ||||| |||| 00| 0 spa d | ||
| 020 | _a8432929158 | ||
| 040 |
_aMUNICIPALIDAD PROVINCIAL DEL CUSCO _cBIBLIOTECA MUNICIPAL DEL CUSCO |
||
| 082 |
_215ed. _a728.3 / _bU34 |
||
| 100 |
_aUlsamer Puiggari, Federico _913372 |
||
| 245 | _aComplementos de chalet / | ||
| 260 |
_aEspaña ; _bCEAC, _c1977. |
||
| 300 |
_a173 páginas ; _bIlustraciones. _c21 cm. |
||
| 440 |
_aMonografias CEAC de construcción _913373 |
||
| 505 | _aComplementos de buena vista -- Complementos de vida intima -- Complementos de recreo -- Complementos de juego y deporte... | ||
| 650 |
_aConstrucción. _94996 |
||
| 650 |
_aAnteriores. _913374 |
||
| 650 |
_aExteriores. _913375 |
||
| 650 |
_aAcabados, _913376 |
||
| 650 |
_aArquitectura. _93356 |
||
| 942 |
_2ddc _cLIBROS |
||
| 945 |
_awfj _d2019-03-08 |
||